Estadísticas para Mapa de los Estados de México

Haz click aquí para tomar la prueba!

Estadísticas generales

  • Esta prueba ha sido tomada 14.814 veces
  • La puntuación promedio es 19 de 32

Respuestas en el mapa

Las respuestas están codificadas por una escala verde-roja en el mapa de la prueba según el % correcto abajo.
Cargando...
 

Estadísticas de respuestas

Respuesta% Correcto
Baja California Sur
93%
Baja California
91%
Veracruz
73%
Chihuahua
71%
Yucatán
70%
Quintana Roo
68%
Sinaloa
67%
Sonora
66%
Nuevo León
66%
Ciudad de México
66%
Chiapas
64%
Tamaulipas
62%
Durango
60%
Coahuila
60%
Oaxaca
59%
Tabasco
58%
Jalisco
57%
Guerrero
57%
Campeche
55%
San Luis Potosí
54%
México
53%
Puebla
52%
Nayarit
52%
Colima
51%
Michoacán
47%
Zacatecas
46%
Aguascalientes
44%
Tlaxcala
43%
Guanajuato
43%
Querétaro
42%
Morelos
39%
Hidalgo
38%

Distribución de puntuación

Porcentaje por número respondido

Porcentaje de gente con cada puntuación

Historial de tus puntuaciones

No has tomado esta prueba